Responses for Show #3308 - Wednesday, January 13, 1999

Contestants

[<< previous game]

Stacy Lammers, a communications specialist from Lansing, Michigan

Pete Heinricher, an environmental compliance specialist from Urbana, Illinois

Laura Rhodes, a teacher from Chicago, Illinois (whose 1-day cash winnings total $9,201)

[next game >>]

Jeopardy! Round responses

HISTORIC NEBRASKA
HATS ON!
(Alex: Not hats off!)
YELLOW MUSIC
THEY'RE IN CHARGE
ON THE ROCKS
BEASTLY EXPRESSIONS
    $100 29
[The end-of-round signal sounds.]

Father Flanagan's Boys Town/Home

Pete
    $100 1
[Red & white stripes]
(Stacy: Who is Dr. Seuss?)
...
(Alex: That was not [*], by the way.)

the Cat in the Hat

PeteStacy
    $100 11
"Yellow Submarine"

Stacy
    $100 12
Japan

Pete
    $100 18
horses

Laura
    $200 2
the Louisiana Territory (the Louisiana Purchase accepted)

Stacy
    $200 3
a sombrero

Stacy
    $200 10
Donovan

Laura
    $200 14
France

Stacy
    $200 13
petrology

Laura
    $200 19
to clam up

Stacy
    $300 23
farms (or ranches)

Triple Stumper
    $300 4
a pith helmet

Laura
    $300 7
"Tie A Yellow Ribbon Round The Ole Oak Tree"

Stacy
    $300 15
Germany

Pete
    $300 24
(Pete: What is silver?)
...
(Alex: Less than a minute to go.)

red

LauraPete
    $300 20
a goose

Laura
    $600 27
Omaha

Pete
    $400 5
a tam o' shanter

Laura
    $400 8
"Big Yellow Taxi"

Laura
    $400 16
(Laura: What is Great Britain?)

Australia

LauraPete
    $400 25
amethyst

Laura
    $400 21
crocodile tears

Stacy
    $500 28
Crazy Horse

Pete
    $500 6
(Alex: And by the way, all of our models were former, soon-to-be former, employees--they got their moment!)

deerstalker

Laura
    $500 9
"Itsy Bitsy Teenie Weenie Yellow Polka Dot Bikini"

Laura
    $500 17
Hungary

Triple Stumper
    $500 26
gneiss

Pete
    $500 22
a peacock

Laura

Scores at the first commercial break (after clue 14):

Laura Pete Stacy
$2,500 $200 $900

Scores at the end of the Jeopardy! Round:

Laura Pete Stacy
$3,700 $2,300 $1,500

Double Jeopardy! Round responses

JOHNNY GILBERT DOES SHAKESPEARE!
(Alex: A category that will thrill everyone--[*]--first time for us!)
FOOD FACTS
U.S. CITIES
1997
THE MOVIES
ODD WORDS
    $2,500 14
(Pete: Who is Hamlet?)

Juliet (in Romeo and Juliet)

Pete
    $200 11
Christmas

Pete
    $200 8
Detroit

Laura
    $200 25
beef (hamburger meat)

Stacy
    $200 1
Humphrey Bogart

Stacy
    $200 19
migraine

Laura
    $400 15
Hamlet

Stacy
    $400 12
game hens

Stacy
    $400 4
Minneapolis

Stacy
    $400 26
[The end-of-round signal sounds.]

Mormons

Pete
    $400 2
Peter Pan

Stacy
    $400 20
chop off their tails

Laura
    $600 16
Lady Macbeth

Pete
    $600 13
(Laura: What is an ox?)

a pig

LauraPete
    $600 5
San Antonio

Stacy
    $600 3
the Daisies

Pete
    $600 21
ruckus

Laura
    $800 17
King Lear

Pete
    $800 9
(Stacy: What is Frankfort?)
(Laura: What is Louisville?)

Lexington

LauraPeteStacy
    $800 24
Secretary of Labor

Stacy
    $800 6
Nosferatu

Stacy
    $800 22
(Alex: Minute to go, Laura.)

freckles

Triple Stumper
    $1000 18
(Alex: And let's hear it for Johnny Gilbert over there! If only we could cast Johnny in more Shakespeare plays, we could have the entire plays done in an hour!)

Puck

Laura
    $1000 10
Fresno

Triple Stumper
    $1,500 7
A Passage to India

Stacy
    $1000 23
its bark

Pete

Scores at the end of the Double Jeopardy! Round:

Laura Pete Stacy
$4,700 $4,800 $6,400

[wagering suggestions for these scores]

Final Jeopardy! Round responses

THE HUMAN BODY
LauraWhat is the hand?
$1,500
PeteWhat is the hand?
$4,601
StacyWhat is the palm of the hand?
$4,701
(the palm of) the hand

Final scores:

Laura Pete Stacy
$6,200 $9,401 $11,101
3rd place: JBL Harmony Stereo System 2nd place: Trip to Hotel Melia Victoria, Majorca, Spain New champion: $11,101

Game dynamics:

Coryat scores:

Laura Pete Stacy
$4,700 $7,100 $5,900
17 R,
3 W
16 R
(including 1 DD),
2 W
(including 1 DD)
17 R
(including 1 DD),
2 W

Combined Coryat: $17,700

[game clues] [game scores] [suggest correction]

Game tape date: 1998-11-11
The J! Archive is created by fans, for fans. Scraping, republication, monetization, and malicious use prohibited; this site may use cookies and collect identifying information. See terms. The Jeopardy! game show and all elements thereof, including but not limited to copyright and trademark thereto, are the property of Jeopardy Productions, Inc. and are protected under law. This website is not affiliated with, sponsored by, or operated by Jeopardy Productions, Inc. Join the discussion at JBoard.tv.